Statistics for Line of songs by Paramore

Click here to take the quiz!

General Stats

  • This quiz has been taken 231 times
    (229 since last reset)
  • The average score is 11 of 14

Answer Stats

Line of SongSong Title% Correct
Woah, Well I never meant to brag but I got him where I want him nowMisery Business
92%
When I was younger I saw my daddy cry and curse at the windThe Only Exception
92%
So what are you gonna do, when the world don't orbit around you?Ain't It Fun
88%
If I'm a bad person, you don't like me. Well I guess I'll make my own wayIgnorance
87%
Can't count the years in one hand that we've been togetherStill Into You
83%
I can feel the pressure it's getting closer nowPressure
83%
Well you built up a world of magic Because your real life is tragicBrick By Boring Brick
81%
No sir, Well I don't wanna be the blame not anymoreThat's What You Get
81%
I got a lot to say to you yeah I got a lot to sayCrushcrushcrush
74%
There is something I see in you, it might kill me I want it to be true.Decode
71%
The truth never set me free so I did it myselfCareful
68%
I'm sitting in the room / made up of only big white wallsFences
63%
This time we're not giving up, let's make it last foreverHallelujah
55%
I am finding out then maybe I was wrongMy Heart
44%

Score Distribution

Percentile by Number Answered

Percent of People with Each Score

Your Score History

You have not taken this quiz since the last reset